| 000 | 02913cam a2200541 i 4500 | ||
|---|---|---|---|
| 005 | 20260322212022.0 | ||
| 008 | data | ||
| 010 | _a 2017299345 | ||
| 020 |
_a9780525555360 _q(hardcover) |
||
| 020 |
_a0525555366 _q(hardcover) |
||
| 040 |
_aBTCTA _beng _cBTCTA _erda _dDLC _dFN4 _dCHILD _dBLP _dPBJ _dUAP _dJAI _dCZA _dOCLCF _dIGA _dILC _dGTA _dOSU _dEHH _dVP@ _dDLC |
||
| 042 | _alccopycat | ||
| 050 | 0 | 0 |
_aPZ7.G8233 _bTur 2017 |
| 082 | 0 | 4 |
_a[Fic] _223 |
| 099 | _aGREEN J | ||
| 100 | 1 |
_aGreen, John, _d1977- _eauthor. |
|
| 245 | 1 | 0 |
_aTurtles all the way down / _cJohn Green. |
| 264 | 1 |
_aNew York, NY : _bDutton Books, _c[2017] |
|
| 300 |
_a286 pages ; _c22 cm |
||
| 336 |
_atext _btxt _2rdacontent |
||
| 337 |
_aunmediated _bn _2rdamedia |
||
| 338 |
_avolume _bnc _2rdacarrier |
||
| 520 | _aSixteen-year-old Aza never intended to pursue the mystery of fugitive billionaire Russell Pickett, but there's a hundred-thousand-dollar reward at stake and her best and most fearless friend, Daisy, is eager to investigate. So together, they navigate the short distance and broad divides that separate them from Russell Pickett's son, Davis. Aza is trying. She is trying to be a good daughter, a good friend, a good student, and maybe even a good detective, while also living within the ever-tightening spiral of her own thoughts. In his long-awaited return, John Green, the acclaimed, award-winning author of Looking for Alaska and The Fault in Our Stars, shares Aza's story with shattering, unflinching clarity in this brilliant novel of love, resilience, and the power of lifelong friendship.--INSIDE FLAP. | ||
| 650 | 0 |
_aTeenage girls _vJuvenile fiction. |
|
| 650 | 0 |
_aObsessive-compulsive disorder _vJuvenile fiction. |
|
| 650 | 0 |
_aAnxiety disorders _vJuvenile fiction. |
|
| 650 | 0 |
_aFriendship _vJuvenile fiction. |
|
| 650 | 0 |
_aMissing persons _vJuvenile fiction. |
|
| 650 | 0 | _aYoung adult fiction. | |
| 650 | 1 |
_aObsessive-compulsive disorder _vFiction. |
|
| 650 | 1 |
_aFriendship _vFiction. |
|
| 650 | 1 |
_aMissing persons _vFiction. |
|
| 650 | 4 | _aYOUNG ADULT FICTION / Social Themes / Mental Illness. | |
| 650 | 4 | _aYOUNG ADULT FICTION / Social Themes / Friendship. | |
| 650 | 4 | _aYOUNG ADULT FICTION / Coming of Age. | |
| 650 | 7 |
_aYOUNG ADULT FICTION / Coming of Age. _2bisacsh |
|
| 650 | 7 |
_aYOUNG ADULT FICTION / Social Themes / Friendship. _2bisacsh |
|
| 650 | 7 |
_aYOUNG ADULT FICTION / Social Themes / Mental Illness. _2bisacsh |
|
| 650 | 7 |
_aAnxiety disorders. _2fast _0(OCoLC)fst01738149 |
|
| 650 | 7 |
_aFriendship. _2fast _0(OCoLC)fst00935174 |
|
| 650 | 7 |
_aMissing persons. _2fast _0(OCoLC)fst01023702 |
|
| 650 | 7 |
_aObsessive-compulsive disorder. _2fast _0(OCoLC)fst01042960 |
|
| 650 | 7 |
_aTeenage girls. _2fast _0(OCoLC)fst01145412 |
|
| 655 | 7 |
_aFiction. _2fast _0(OCoLC)fst01423787 |
|
| 655 | 7 |
_aJuvenile works. _2fast _0(OCoLC)fst01411637 |
|
| 655 | 7 |
_aYoung adult works. _2fast _0(OCoLC)fst01726790 |
|
| 001 | data | ||
| 999 |
_c497 _d497 |
||